| 000 | 00413nam a2200169 i 4500 | ||
|---|---|---|---|
| 001 | bgj | ||
| 100 | 1 | _aMURDOCH, Iris. | |
| 245 | 1 | 0 |
_aThe Italian Girl / _cIris Murdoch. |
| 260 |
_aNew York : _bAn Avon Book, _c1965. |
||
| 300 |
_a160 pp ; _c18 cm. |
||
| 650 | 9 |
_aAmerican fiction _y20th century |
|
| 020 | _apbk | ||
| 040 | _cBPK | ||
| 041 | 0 | _aeng | |
| 942 | _cKS | ||
| 008 | s uk f |000 0 eng | ||
| 999 |
_c48027 _d48027 |
||
| 856 |
_uhttp://koha.tu.koszalin.pl/cgi-bin/koha/opac-detail.pl?biblionumber=48027 _yKatalog online BPK |
||